Métodos y modelos de las investigación de operaciones (Registro nro. 2266)

Detalles MARC
000 -LEADER
fixed length control field 01043 a2200193 4500
001 - CONTROL NUMBER
control field 32188
005 - DATE AND TIME OF LATEST TRANSACTION
control field 20260407155622.0
008 - FIXED-LENGTH DATA ELEMENTS--GENERAL INFORMATION
fixed length control field 260407a1959 arg spa d
003 - CONTROL NUMBER IDENTIFIER
control field AR-UNSa-BCEJYS
040 ## - CATALOGING SOURCE
Original cataloging agency AR-UNSa-BCEJYS
Language of cataloging spa
Transcribing agency AR-UNSa-BCEJYS
080 ## - UNIVERSAL DECIMAL CLASSIFICATION NUMBER
Universal Decimal Classification number 519.87
Common auxiliary subdivision Modelos matemáticos para la investigación operativa
100 1# - MAIN ENTRY--PERSONAL NAME
Personal name Kaufmann, Arnold
245 10 - TITLE STATEMENT
Title Métodos y modelos de las investigación de operaciones
264 #1 - PRODUCTION, PUBLICATION, DISTRIBUTION, MANUFACTURE, AND COPYRIGHT NOTICE
Place of production, publication, distribution, manufacture México :
Name of producer, publisher, distributor, manufacturer CECSA (Compañia Editorial Continental)
Date of production, publication, distribution, manufacture, or copyright notice 1959
300 ## - PHYSICAL DESCRIPTION
Extent 570 p.
Dimensions 23 cm.
505 ## - FORMATTED CONTENTS NOTE
Formatted contents note 1. Generalidades - 2. Programas lineales - 3. Fenómenos de espera - 4. Problemas de inventarios - 5. Desgaste, reemplazo y mantenimiento del equipo - 6. Recordatorio de matemáticas - 7. Métodos de cálculo de los programas lineales - 8. Teoría de los fenómenos de espera - 9. Estudio análitico de los problemas de inventarios - 10. Estudio analítico de los problemas de desgaste, reemplazo y mantenimiento de los equipos -11. Tablas.
590 ## - LOCAL NOTE (RLIN)
Local note niveau_biblio:m niveau_hierar:0
942 ## - ADDED ENTRY ELEMENTS (KOHA)
Koha item type
Existencias
Withdrawn status Lost status Damaged status Not for loan Home library Current library Shelving location Date acquired Total checkouts Full call number Barcode Date last seen Price effective from Koha item type
        Biblioteca Prof. Eusebio Cleto del Rey Biblioteca Prof. Eusebio Cleto del Rey   07/04/2026   519.87 K21 L21896 07/04/2026 07/04/2026 Libro